Westlaw Encuentra y Contrata : sessió de presentació sessió de presentació
Publicado:
Barcelona :
Diputació de Barcelona. Àrea de Presidència. Direcció dels Serveis de Secretaria, Direcció de Serveis de Formació ,
2010
Descripción Física:
12 p. : quadres ; 29 cm
MARC
| LEADER | 00000nam a2200000Ia 4500 | ||
|---|---|---|---|
| 001 | 22538 | ||
| 003 | BGR | ||
| 005 | 20260324180104.0 | ||
| 008 | 160829s2010 xx 000 0 cat d | ||
| 080 | |a FU-57-13 | ||
| 245 | |a Westlaw Encuentra y Contrata : |b sessió de presentació | ||
| 260 | |a Barcelona : |b Diputació de Barcelona. Àrea de Presidència. Direcció dels Serveis de Secretaria, Direcció de Serveis de Formació, |c 2010 | ||
| 300 | |a 12 p. : |b quadres ; |c 29 cm | ||
| 590 | |a Celebrada el 8 de març de 2010 | ||
| 650 | |a Legislació |x Espanya |x Bases de dades |9 45964 | ||
| 650 | |a Jurisprudència |x Espanya |x Bases de dades |9 45965 | ||
| 650 | |a Legislació |x Europa |x Bases de dades I |9 45966 | ||
| 650 | |a Jurisprudència |x Europa |x Bases de dades |9 45967 | ||
| 650 | |a Bases de dades en línia |9 45968 | ||
| 710 | |a Barcelona (Catalunya : Província). |b Direcció de Serveis de Formació |9 51343 | ||
| 710 | 1 | |a Barcelona (Catalunya : Província). |b Diputació |9 52408 | |
| 901 | |a Arxiu | ||
| 942 | |n 1 |2 udc |c MON | ||
| 952 | |0 0 |1 0 |4 0 |6 FU5713 |7 1 |9 52913 |a Arxiu |b Arxiu |d 2016-12-01 |l 0 |o FU-57-13 |p 22538 |r 2016-12-01 00:00:00 |w 2016-12-01 |y ARXIU | ||
| 999 | |c 56762 |d 56762 | ||